00301 2200133 4500001002100000005001500021035002000036245004300056300000700099260002900106082000800135084001200143990001200155INLIS00000000000222520250527015446 a0010-0525000517 aTes Potensi Akademik /cIndra Darmawan a63 bPustala Widyatama,c2006 a600 a600 TES a0713264